000 01139nam a2200229 4500
001 113976
003 DR-UNIBE
005 20251120095934.0
008 250729b2006 mx ||||| |||| 00| 0 spa d
020 _a9707126663
040 _aBIBLIOTECA UNIBE
_bspa
_cBIBLIOTECA UNIBE
_erda
041 _aspa
082 _222
_a342.972 E534
245 0 0 _aElementos de derecho procesal constitucional /
250 _aPrimera edición
260 _aMéxico :
_bSuprema Corte de Justicia de la Nación,
_c2006
300 _a137 páginas :
_c21 x 15 cm
505 0 _aPresentación | I. La defensa de la Constitución | II. Estado y jurisdicción | III. Sistemas de control constitucional | IV. Derecho procesal constitucional y derecho constitucional procesal | V. Los tribunales constitucionales | VI. La defensa de la Constitución en México | VII. Las garantías constitucionales en México | VIII. Derecho procesal constitucional local | Conclusiones | Bibliohemerografía | Normativa
650 7 _2lemb
_aDerecho constitucional
_zMéxico
_9200910
650 7 _2lemb
_aTribunales constitucionales
_zMéxico
_9200911
942 _2ddc
_cBK
999 _c113976
_d113976